00923nam a2200265 a 4500999001500000001000600015003000900021005001700030008004100047020001500088020001800103040002800121082001900149245009000168250001200258260004300270300004800313490005100361504005100412650002400463650002200487700001900509942001200528952011700540 c5184d518414973BD-DhUAP20201202153904.0201202s2006 ii a b 001 0 eng d a0824723171 a9780824723170 aDLCcDLCdBD-DhUAPbeng00a615.19 MIC223 aMicroencapsulation : bmethods and industrial applications /cedited by Simon Benita. a2nd ed. aNew York : bTaylor & Francis,cc2006. axviii, 756 pages :billustrations ;c25 cm. aDrugs and the pharmaceutical sciences ; v158. aIncludes bibliographical references and index. aMicroencapsulation. aDrug Compounding. aBenita, Simon. 2ddccBK 00102ddc4070aUAPCLbUAPCLcGeneral Stacksd2020-12-02o615.19 MICp3010014973r2020-12-02t1w2020-12-02yBK